| 000 | 00442nam a22001577a 4500 | ||
|---|---|---|---|
| 005 | 20250916101450.0 | ||
| 008 | 250916b |||||||| |||| 00| 0 eng d | ||
| 020 | _a979-8-88715-057-4 | ||
| 100 | _aKENNEDY, ROBERT | ||
| 245 | _aFISH PROCESSING TECHNOLOGY | ||
| 260 |
_aDUBLIN _bORYSON PRESS _c2023 |
||
| 300 | _aX, 276P. | ||
| 500 | _aINCLUDES INDEX | ||
| 650 | _a1.FISHERY PRODUCTS -PROCESSING. 2. FISH - PRESERVATION | ||
| 942 |
_2lcc _cBK |
||
| 999 |
_c216104 _d216104 |
||